Piłkarze Polonii Bytom - nagła śmierć - Statystyki

Ogólne statystyki
  • Ten quiz został rozwiązany 10 razy
    3 od ostatniego zresetowania
  • Średni wynik to 3 z 20
Answers on the Grid
Answers color-coded by a green-red scale on the quiz's grid according to % correct below.
Seweryn Kiełpin
Jakub Tosik
Jakub Arak
Paweł Brożek
Dominik Furman
Igor Angulo
Marcin Brosz
Kacper Michalski
Sebastian Przyrowski
Rafał Górak
Jacek Kiełb
Daniel Ściślak
Sebastian Mila
Łukasz Gikiewicz
Tymoteusz Puchacz
Pavol Staňo
Ivan Runje
Mateusz Zachara
Michal Peškovič
Kacper Smoliński
Artur Płatek
Karol Angielski
Piotr Ceglarz
Kamil Vacek
Miroslav Barčík
Maciej Wilusz
Jakub Świerczok
Jakub Dziółka
Vamara Sanogo
Mariusz Fornalczyk
Rafał Wolski
Andrzej Niedzielan
Piotr Gierczak
Henryk Apostel
Marcin Kamiński
Tomasz Cywka
Michal Mak
Krzysztof Wołkowicz
Igor Sapała
Rafał Grzyb
 
Statystyki odpowiedzi
Odpowiedź % Poprawnych
Jakub Arak
100%
Kacper Michalski
67%
Krzysztof Wołkowicz
33%
Marcin Brosz
33%
Mariusz Fornalczyk
33%
Artur Płatek
0%
Daniel Ściślak
0%
Henryk Apostel
0%
Jakub Dziółka
0%
Jakub Świerczok
0%
Łukasz Gikiewicz
0%
Michal Peškovič
0%
Miroslav Barčík
0%
Pavol Staňo
0%
Piotr Ceglarz
0%
Piotr Gierczak
0%
Rafał Górak
0%
Rafał Grzyb
0%
Seweryn Kiełpin
0%
Tomasz Cywka
0%
Nie znaleziono quizów pasujących do podanych kryteriów
Rozkład punktacji
Procent ludzi z każdym wynikiem
Percentyl według liczby udzielonych odpowiedzi
Twoja historia wyników
Nie rozwiązałeś tego quizu od ostatniego zresetowania